Statistics for La Francophone Countries

Click here to take the quiz!

General Stats

  • This quiz has been taken 1,045 times
    (1,044 since last reset)
  • The average score is 28 of 46

Answer Stats

Country% Correct
France
97%
Belgium
87%
Canada
84%
Mali
83%
Morocco
83%
Chad
80%
Senegal
80%
Switzerland
80%
Tunisia
80%
Guinea
79%
Côte d'Ivoire
78%
Niger
78%
Cameroon
75%
Benin
74%
Togo
74%
Haiti
73%
Luxembourg
73%
Mauritania
72%
Gabon
70%
Burkina-Faso
69%
Monaco
69%
Madagascar
65%
Vietnam
65%
Burundi
63%
Guinea-Bissau
62%
Mauritius
62%
Comoros
61%
Rwanda
60%
Seychelles
60%
Cambodia
59%
Laos
59%
Central African Republic
57%
Djibouti
56%
Lebanon
49%
Democratic Republic of Congo
44%
Egypt
43%
Dominica
41%
Vanuatu
41%
Cape Verde
40%
Republic of the Congo
40%
Sao-Tomé et Principe
39%
Saint-Lucia
35%
Romania
21%
Bulgaria
14%
Moldova
10%
Equitorial Guinea
6%

Score Distribution

Percentile by Number Answered

Percent of People with Each Score

Your Score History

You have not taken this quiz since the last reset